[Event "Frankfurt Ch 2008"]
[Site "Ffm-Kalbach, LAZ"]
[Date "2008.06.16"]
[Round "7.31"]
[White "Ochmann, Reimund"]
[Black "Plattner, Rolf"]
[Result "1-0"]
[WhiteElo "2123"]
[BlackElo "1922"]
[PlyCount "67"]
[EventDate "2008.??.??"]

1. e4 c5 2. Nf3 d6 3. d4 cxd4 4. Nxd4 Nf6 5. Nc3 a6 6. Be2 Nc6 7. Be3 e6 8. O-O
Be7 9. Nb3 O-O 10. a4 b6 11. f4 Qc7 12. Kh1 Bb7 13. Bf3 Rfd8 14. Qe1 Nb4 15.
Qf2 Nd7 16. Rac1 Nc5 17. Qg3 Rd7 18. Bd4 Bf8 19. f5 e5 20. Be3 f6 21. Nxc5 dxc5
22. b3 Rad8 23. Be2 Kh8 24. Rf3 Bc6 25. Bc4 Qb7 26. Qh4 g5 27. fxg6 Bxe4 28.
Nxe4 Rd1+ 29. Rf1 Rxc1 30. Bxc1 Qg7 31. Bf7 Nxc2 32. Bh6 Qxh6 33. Qxf6+ Qg7 34.
Qxd8 1-0

[Event "Frankfurt Ch 2008"]
[Site "Ffm-Kalbach, LAZ"]
[Date "2008.06.16"]
[Round "7.34"]
[White "Barisch, Florian"]
[Black "Cors, Heinz-Friedrich"]
[Result "0-1"]
[WhiteElo "1713"]
[BlackElo "2016"]
[PlyCount "72"]
[EventDate "2008.??.??"]

1. d4 Nf6 2. e3 d5 3. f4 c5 4. c3 Nc6 5. Bd3 Bg4 6. Nf3 e6 7. O-O Bd6 8. Qe1
Bxf3 9. Rxf3 Ne4 10. Qe2 f5 11. Rh3 Qb6 12. Rf3 Qc7 13. Rf1 O-O 14. Nd2 c4 15.
Bc2 b5 16. a3 a5 17. Nxe4 dxe4 18. Bd2 Ne7 19. Rfc1 Nd5 20. Bd1 Rf6 21. Kh1 Rh6
22. Bc2 Kh8 23. Qf2 g5 24. g3 Rg6 25. Rg1 Rb8 26. Bd1 Rbg8 27. Be2 Rb8 28. Ra2
Rgg8 29. Rga1 Rb7 30. Qf1 Qc6 31. Rc1 gxf4 32. gxf4 Rbg7 33. Rd1 Nxf4 34. exf4
e3+ 35. Bf3 Rg1+ 36. Qxg1 Qxf3+ 0-1

[Event "Frankfurt Ch 2008"]
[Site "Ffm-Kalbach, LAZ"]
[Date "2008.06.16"]
[Round "7.35"]
[White "Tierling, Detlef"]
[Black "Kannenberg, Carl-Fr"]
[Result "1-0"]
[WhiteElo "2006"]
[BlackElo "1959"]
[PlyCount "90"]
[EventDate "2008.??.??"]

1. f4 b6 2. Nf3 Bb7 3. e3 Nf6 4. b3 g6 5. Bb2 Bg7 6. Be2 O-O 7. O-O e6 8. d3 d6
9. Qe1 Nbd7 10. Nbd2 Nd5 11. Bxg7 Kxg7 12. Bd1 Nc3 13. e4 Nxd1 14. Rxd1 f6 15.
d4 Qe7 16. c4 a5 17. a4 Rae8 18. Qg3 Rf7 19. h4 Kh8 20. Rde1 Qf8 21. Nh2 Qg7
22. f5 exf5 23. exf5 Rfe7 24. fxg6 hxg6 25. Nhf3 Qh6 26. Rxe7 Rxe7 27. Re1
Rxe1+ 28. Qxe1 Qg7 29. Qe3 Qf7 30. g4 Kg7 31. g5 Bxf3 32. Nxf3 f5 33. Qc3 Qe8
34. c5 Kf7 35. c6 Nb8 36. d5 Na6 37. Qf6+ Kg8 38. h5 Nc5 39. Qxg6+ Qxg6 40.
hxg6 Nxb3 41. Nh4 Kg7 42. Nxf5+ Kxg6 43. Nxd6 Nc5 44. Nb5 Kxg5 45. d6 Ne6 1-0

[Event "Frankfurt Ch 2008"]
[Site "Ffm-Kalbach, LAZ"]
[Date "2008.06.16"]
[Round "7.36"]
[White "Faqiry, Ramat"]
[Black "Bauer, Timo"]
[Result "1-0"]
[WhiteElo "1984"]
[BlackElo "1730"]
[PlyCount "71"]
[EventDate "2008.??.??"]

1. d4 Nf6 2. c4 g6 3. Nc3 Bg7 4. e4 d6 5. f4 O-O 6. Nf3 Nbd7 7. Bd3 c5 8. d5 a6
9. O-O Qc7 10. Qe2 e6 11. e5 Ng4 12. dxe6 fxe6 13. Ng5 Ndxe5 14. fxe5 Rxf1+ 15.
Qxf1 Bxe5 16. Nf3 d5 17. Nxe5 Qxe5 18. Qf4 Qe1+ 19. Bf1 e5 20. Qd2 Qh4 21. h3
d4 22. Nd5 Nf6 23. Nxf6+ Qxf6 24. Qg5 Kf7 25. Qh6 Qh8 26. Bd3 Be6 27. Bg5 e4
28. Rf1+ Ke8 29. Bxe4 Kd7 30. Bd5 Bxd5 31. cxd5 Kd6 32. Rf7 Kxd5 33. Bf6 Qe8
34. Re7 Qc8 35. Qxh7 Kc6 36. Qxg6 1-0

[Event "Frankfurt Ch 2008"]
[Site "Ffm-Kalbach, LAZ"]
[Date "2008.06.16"]
[Round "7.37"]
[White "Liebske, Reiner"]
[Black "Mussler, Thomas"]
[Result "0-1"]
[WhiteElo "1702"]
[BlackElo "2168"]
[PlyCount "102"]
[EventDate "2008.??.??"]

1. e4 c5 2. Nf3 Nc6 3. d4 cxd4 4. Nxd4 Nf6 5. Nc3 e5 6. Nb3 Bb4 7. Bd3 d5 8.
exd5 Nxd5 9. Bd2 Nxc3 10. bxc3 Be7 11. Qh5 g6 12. Qh6 Bf8 13. Qe3 Bg7 14. Rb1
O-O 15. Nc5 Qc7 16. Be4 Rb8 17. Qf3 Na5 18. Be3 b6 19. Nb3 Nc4 20. Bc1 Be6 21.
O-O Rbd8 22. h4 f5 23. Qh3 Qf7 24. Bd3 e4 25. Bxc4 Bxc4 26. Ba3 Rfe8 27. Rfe1
Bf6 28. h5 Qg7 29. hxg6 hxg6 30. Bb2 Bxb3 31. axb3 Rd2 32. Rbc1 Qd7 33. Qe3 Kg7
34. Re2 Rd8 35. g3 Rd1+ 36. Re1 Rxe1+ 37. Rxe1 Qd2 38. Ra1 Qd7 39. Bc1 Rh8 40.
Bd2 g5 41. Re1 Kg6 42. g4 Rh4 43. f3 exf3 44. gxf5+ Qxf5 45. Qe8+ Kg7 46. Re7+
Bxe7 47. Qxe7+ Kh6 48. Qd6+ Kh5 49. Kf2 Qg4 50. Qd5 Qg2+ 51. Ke3 Qe2# 0-1

[Event "Frankfurt Ch 2008"]
[Site "Ffm-Kalbach, LAZ"]
[Date "2008.06.16"]
[Round "7.38"]
[White "Gottlieb, Herbert"]
[Black "Geringer, Waldemar"]
[Result "0-1"]
[WhiteElo "1658"]
[BlackElo "1886"]
[PlyCount "48"]
[EventDate "2008.??.??"]

1. d4 Nf6 2. Nf3 g6 3. e3 Bg7 4. c4 O-O 5. Nc3 d6 6. Be2 Nbd7 7. O-O e5 8. b4
exd4 9. exd4 c5 10. a3 Re8 11. Re1 Ne4 12. Nxe4 Rxe4 13. Bb2 Nf8 14. Qc2 Bf5
15. Bd3 Rxe1+ 16. Rxe1 Bxd3 17. Qxd3 Ne6 18. d5 Nf4 19. Qd2 Bxb2 20. Qxf4 Bxa3
21. Ng5 Qf8 22. Re3 Re8 23. Ne6 fxe6 24. Qxf8+ Kxf8 0-1

[Event "Frankfurt Ch 2008"]
[Site "Ffm-Kalbach, LAZ"]
[Date "2008.06.16"]
[Round "7.39"]
[White "Enders, Georg"]
[Black "Ebertz, Michael"]
[Result "1/2-1/2"]
[WhiteElo "2042"]
[BlackElo "1622"]
[PlyCount "51"]
[EventDate "2008.??.??"]

1. e4 c5 2. Nf3 Nc6 3. Bb5 g6 4. O-O Bg7 5. c3 e6 6. Bxc6 bxc6 7. d4 cxd4 8.
cxd4 Ne7 9. Nc3 O-O 10. Bg5 h6 11. Bf4 g5 12. Bd6 Re8 13. Ne5 f6 14. Nc4 Ba6
15. Qa4 Bxc4 16. Qxc4 Ng6 17. Rad1 Kh8 18. Ne2 Bf8 19. Bxf8 Rxf8 20. f4 Qb6 21.
fxg5 fxg5 22. Qc3 Rxf1+ 23. Rxf1 Rf8 24. Rxf8+ Nxf8 25. Kh1 Kg8 26. e5 1/2-1/2

[Event "Frankfurt Ch 2008"]
[Site "Ffm-Kalbach, LAZ"]
[Date "2008.06.16"]
[Round "7.40"]
[White "Larem, Peter"]
[Black "Winter, Olaf"]
[Result "1-0"]
[WhiteElo "1942"]
[BlackElo "1616"]
[PlyCount "95"]
[EventDate "2008.??.??"]

1. e4 c5 2. c3 e6 3. d4 cxd4 4. cxd4 Ne7 5. Nf3 a6 6. Bd3 g6 7. O-O Bg7 8. Nc3
b5 9. e5 Bb7 10. Bg5 h6 11. Bh4 g5 12. Bg3 Nbc6 13. Ne4 Nc8 14. Nc5 Ra7 15. Be4
Ba8 16. d5 exd5 17. Bxd5 Nb6 18. Ne4 O-O 19. Bxc6 Bxc6 20. Nd6 f5 21. exf6 Bxf6
22. Ne5 Bxe5 23. Bxe5 Qe7 24. Qd4 Nd5 25. Rae1 Raa8 26. Qd3 Qh7 27. Qg3 Qg6 28.
f4 Ne7 29. fxg5 Qxg5 30. Qxg5+ hxg5 31. Bf6 Nd5 32. Bxg5 Kh7 33. h4 Nc7 34.
Re7+ Kg6 35. Ref7 Rxf7 36. Rxf7 Ne6 37. Rf6+ Kh5 38. Nf7 Nxg5 39. Rh6+ Kg4 40.
Nxg5 Rf8 41. Rg6 Kxh4 42. Nh7 Rf5 43. Rh6+ Kg4 44. Rg6+ Kh5 45. Rg8 Kh6 46. Nf8
Rf6 47. g4 Rf7 48. Rg6# 1-0

[Event "Frankfurt Ch 2008"]
[Site "Ffm-Kalbach, LAZ"]
[Date "2008.06.16"]
[Round "7.41"]
[White "Jung, Bernd"]
[Black "Schreyer, Alois"]
[Result "0-1"]
[WhiteElo "1899"]
[BlackElo "2113"]
[PlyCount "98"]
[EventDate "2008.??.??"]

1. e4 e6 2. Nf3 d5 3. e5 c5 4. b4 cxb4 5. a3 Nh6 6. axb4 Bxb4 7. c3 Be7 8. d4
Nf5 9. Bd3 Nh4 10. Nxh4 Bxh4 11. g3 Bg5 12. h4 Bxc1 13. Qxc1 O-O 14. Na3 Bd7
15. g4 f6 16. Qc2 f5 17. gxf5 exf5 18. f4 Na6 19. Qg2 Nc7 20. Kd2 Bc6 21. Nc2
Bb5 22. Rag1 Qd7 23. Rh3 Bxd3 24. Rxd3 Ne6 25. Rg3 Rf7 26. Qf3 Rc8 27. Ne3 Nc7
28. Rg5 Re8 29. Qh5 Ref8 30. Qf3 Kh8 31. Rb1 b5 32. Ra1 a6 33. Nc2 Ra8 34. Nb4
a5 35. Nd3 Ne6 36. Rg2 Qd8 37. Ke3 Rc7 38. Qh5 Qf8 39. Rb2 Rxc3 40. Rxb5 Rxd3+
41. Kf2 Rxd4 42. Rbxa5 Rxa5 43. Rxa5 h6 44. Ra6 Rxf4+ 45. Kg2 Rg4+ 46. Qxg4
fxg4 47. Rxe6 Qf4 48. Re8+ Kh7 49. e6 Qf3+ 0-1

[Event "Frankfurt Ch 2008"]
[Site "Ffm-Kalbach, LAZ"]
[Date "2008.06.16"]
[Round "7.42"]
[White "Schirmer, Karl-Heinz"]
[Black "Vogelgesang, Marc"]
[Result "1/2-1/2"]
[WhiteElo "1716"]
[BlackElo "1594"]
[PlyCount "61"]
[EventDate "2008.??.??"]

1. d4 d5 2. c4 dxc4 3. Nc3 Nf6 4. e3 e6 5. Bxc4 Be7 6. Nf3 O-O 7. O-O a6 8. Qe2
b5 9. Bd3 Bb7 10. a3 c5 11. dxc5 Bxc5 12. Rd1 Qe7 13. b4 Bb6 14. Bb2 Nbd7 15.
Ng5 Ne5 16. Nge4 Nxe4 17. Bxe4 Nc4 18. Bxb7 Qxb7 19. Rd3 Nxb2 20. Qxb2 Rfd8 21.
Rad1 Qc7 22. Ne2 Rxd3 23. Rxd3 Rd8 24. Qd2 Rxd3 25. Qxd3 Qd8 26. Qxd8+ Bxd8 27.
Nd4 Kf8 28. Kf1 Ke8 29. Ke2 Kd7 30. Kd3 Bf6 31. Nc2 1/2-1/2

[Event "Frankfurt Ch 2008"]
[Site "Ffm-Kalbach, LAZ"]
[Date "2008.06.16"]
[Round "7.44"]
[White "Moranda, Katarzyna"]
[Black "Genis, Roy"]
[Result "1-0"]
[WhiteElo "1858"]
[BlackElo "1917"]
[PlyCount "88"]
[EventDate "2008.??.??"]

1. d4 d5 2. Nf3 Nf6 3. c4 c6 4. Nc3 e6 5. Bg5 dxc4 6. e3 b5 7. a4 Bb4 8. Qc2
Nbd7 9. Be2 Bb7 10. O-O Bxc3 11. Qxc3 O-O 12. Qb4 a6 13. Ne5 Qc7 14. Nxd7 Nxd7
15. Be7 Rfe8 16. Bd6 Qc8 17. Rfc1 Nb6 18. axb5 cxb5 19. Bc5 Nd5 20. Qe1 e5 21.
b3 c3 22. Bf3 exd4 23. Bxd4 b4 24. Ra5 Nf4 25. Qd1 Bxf3 26. Qxf3 Ne6 27. Qg4
Qd8 28. Rf5 Nxd4 29. exd4 Qd7 30. Qf3 Qxd4 31. Rxf7 Rad8 32. h3 Rf8 33. Rxf8+
Rxf8 34. Qe2 Qd5 35. Qc2 Rd8 36. Re1 Qd2 37. Qe4 h6 38. Qc4+ Kh8 39. Re2 Qd1+
40. Kh2 Qd3 41. Re8+ Kh7 42. Qg8+ Kg6 43. Rxd8 Qf5 44. Rd6+ Kh5 1-0

[Event "Frankfurt Ch 2008"]
[Site "Ffm-Kalbach, LAZ"]
[Date "2008.06.16"]
[Round "7.45"]
[White "Lietzau, Olaf"]
[Black "Winand, Edgar"]
[Result "1-0"]
[WhiteElo "1652"]
[BlackElo "1778"]
[PlyCount "65"]
[EventDate "2008.??.??"]

1. Nf3 g6 2. c4 Bg7 3. g3 d6 4. Bg2 Nc6 5. d3 e5 6. O-O Nge7 7. Nbd2 O-O 8. a3
f5 9. e3 h6 10. Rb1 Be6 11. b4 Rb8 12. Nb3 Qd7 13. Bb2 Kh7 14. Qe2 g5 15. d4 e4
16. Nfd2 Bf7 17. b5 Nd8 18. f3 Bh5 19. d5 Nf7 20. Bxg7 Kxg7 21. Qe1 Ne5 22. Qc1
exf3 23. Nxf3 c5 24. Nxe5 dxe5 25. Nxc5 Qc8 26. Ne6+ Kf6 27. Nxf8 Qxf8 28. d6
Nc8 29. c5 b6 30. d7 Ne7 31. c6 Rd8 32. Qd2 Bf7 33. c7 1-0

[Event "Frankfurt Ch 2008"]
[Site "Ffm-Kalbach, LAZ"]
[Date "2008.06.16"]
[Round "7.46"]
[White "Mühlbach, Christian"]
[Black "Matthis, Peter"]
[Result "1/2-1/2"]
[WhiteElo "1474"]
[BlackElo "1775"]
[PlyCount "43"]
[EventDate "2008.??.??"]

1. e4 c6 2. d4 d5 3. Nc3 dxe4 4. Nxe4 Bf5 5. Ng3 Bg6 6. h4 h6 7. Nf3 Nd7 8. Bd3
Bxd3 9. Qxd3 e6 10. Bf4 Qa5+ 11. Bd2 Qc7 12. Ne4 Ngf6 13. O-O-O O-O-O 14. Rhe1
Nxe4 15. Qxe4 Nf6 16. Qe2 Bd6 17. Kb1 Rhf8 18. Qc4 Bf4 19. Qb3 Bxd2 20. Rxd2
Rd5 21. c4 Rdd8 22. Ne5 1/2-1/2

[Event "Frankfurt Ch 2008"]
[Site "Ffm-Kalbach, LAZ"]
[Date "2008.06.16"]
[Round "7.48"]
[White "Nagel, Norbert"]
[Black "Bender, Manfred"]
[Result "1/2-1/2"]
[WhiteElo "1708"]
[BlackElo "1821"]
[PlyCount "62"]
[EventDate "2008.??.??"]

1. g3 d5 2. b3 Nf6 3. Nf3 e6 4. Bb2 Be7 5. Bg2 Bd7 6. c4 c6 7. O-O Na6 8. d3
O-O 9. Nbd2 Rc8 10. Ne5 Ne8 11. Ndf3 f6 12. Nxd7 Qxd7 13. Rc1 Nd6 14. Bh3 Nf7
15. Nd4 Ng5 16. Bg2 e5 17. Nf3 Nh3+ 18. Kh1 Qf5 19. e4 dxe4 20. dxe4 Qh5 21.
Nh4 Nf4 22. Qxh5 Nxh5 23. Rcd1 g6 24. Bf3 Ng7 25. Rd7 Rc7 26. Rfd1 Bc5 27. Kg1
Ne6 28. Kf1 Nd4 29. Rxc7 Nxc7 30. Bg4 Kg7 31. Nf3 Nce6 1/2-1/2

[Event "Frankfurt Ch 2008"]
[Site "Ffm-Kalbach, LAZ"]
[Date "2008.06.16"]
[Round "7.49"]
[White "Cammarata, Mattia"]
[Black "Popp, Matthias"]
[Result "0-1"]
[WhiteElo "1691"]
[BlackElo "1538"]
[PlyCount "64"]
[EventDate "2008.??.??"]

1. d4 Nf6 2. Nc3 d6 3. e4 e5 4. d5 c6 5. Bg5 Nbd7 6. Bd3 Be7 7. Qd2 O-O 8. f4
Nc5 9. fxe5 dxe5 10. Bxf6 Bxf6 11. Bc4 b5 12. Qe3 Be7 13. Bd3 b4 14. Nce2 cxd5
15. exd5 Qxd5 16. Rd1 Qxg2 17. Qxe5 Bh4+ 18. Kd2 Nxd3 19. cxd3 Qxh1 20. Nh3 Qf3
21. Rg1 Bf6 22. Qd6 Bxh3 23. Rg3 Qf5 24. Qxb4 Rfd8 25. a3 Bf1 26. Qb7 Bxe2 27.
Kxe2 Bd4 28. Rf3 Qe6+ 29. Kf1 Rab8 30. Qc7 Rdc8 31. Qa5 Rc1+ 32. Kg2 Rg1# 0-1

[Event "Frankfurt Ch 2008"]
[Site "Ffm-Kalbach, LAZ"]
[Date "2008.06.16"]
[Round "7.52"]
[White "Bastian, Holger"]
[Black "Knott, Tilo"]
[Result "1-0"]
[WhiteElo "1775"]
[BlackElo "1510"]
[PlyCount "71"]
[EventDate "2008.??.??"]

1. e4 b6 2. d3 e6 3. Nf3 Bb7 4. g3 d6 5. Bg2 Nf6 6. O-O Be7 7. Re1 e5 8. Nbd2
O-O 9. Nf1 Nbd7 10. h4 d5 11. exd5 Bxd5 12. Nxe5 Bxg2 13. Kxg2 Nxe5 14. Rxe5
Re8 15. Qf3 Qd7 16. Bg5 h6 17. Rae1 Rad8 18. Bf4 Kf8 19. Qb7 c6 20. Qxd7 Rxd7
21. Ne3 Bb4 22. Rxe8+ Nxe8 23. c3 Be7 24. Nf5 Bf6 25. d4 Nc7 26. Bxc7 Rxc7 27.
Nd6 Be7 28. Ne4 Rd7 29. f3 c5 30. Rd1 cxd4 31. Rxd4 Rc7 32. Kf1 f5 33. Nf2 Bc5
34. Rd5 g6 35. Nd3 Be7 36. h5 1-0

[Event "Frankfurt Ch 2008"]
[Site "Ffm-Kalbach, LAZ"]
[Date "2008.06.16"]
[Round "7.53"]
[White "Bauer, Alfred"]
[Black "Haftmann, Rainer"]
[Result "1/2-1/2"]
[WhiteElo "1400"]
[BlackElo "1859"]
[PlyCount "65"]
[EventDate "2008.??.??"]

1. e4 e5 2. Nf3 Nc6 3. Bc4 Nf6 4. d3 Be7 5. Be3 O-O 6. a3 d5 7. exd5 Nxd5 8.
O-O Bg4 9. Nbd2 Kh8 10. h3 Bh5 11. Nb3 f5 12. Qc1 Bxf3 13. gxf3 f4 14. Bc5 b6
15. Bxe7 Ncxe7 16. d4 exd4 17. Nxd4 Rf6 18. Kh2 Qd7 19. Rh1 Rh6 20. Qf1 Rf8 21.
Bd3 c5 22. Ne2 Ng6 23. Rd1 Qe6 24. Be4 Nge7 25. Qg2 Qe5 26. Rhg1 g6 27. c4 Nf6
28. Rd2 Nxe4 29. fxe4 f3+ 30. Qg3 Qxe4 31. Nc3 Qe6 32. Rgd1 Rh5 33. Rd7 1/2-1/2

[Event "Frankfurt Ch 2008"]
[Site "Ffm-Kalbach, LAZ"]
[Date "2008.06.16"]
[Round "7.54"]
[White "Lehmann, Gerit"]
[Black "Rausch, Wolfgang"]
[Result "0-1"]
[WhiteElo "1427"]
[BlackElo "1673"]
[PlyCount "102"]
[EventDate "2008.??.??"]

1. d4 Nf6 2. Nf3 g6 3. c4 Bg7 4. Nc3 O-O 5. e3 d6 6. h3 Nc6 7. Bd3 e5 8. dxe5
dxe5 9. O-O Qe7 10. Nd2 Rd8 11. Qe2 Be6 12. a3 Nd7 13. b3 e4 14. Bxe4 Bxc3 15.
Rb1 Bg7 16. b4 Nf6 17. Bf3 Rab8 18. Bb2 Rd7 19. Ne4 Nxe4 20. Bxe4 Ne5 21. Bxe5
Bxe5 22. Rfd1 f5 23. Bc2 Rbd8 24. f4 Bf6 25. Rxd7 Rxd7 26. Bb3 Kg7 27. Rd1
Rxd1+ 28. Qxd1 Bf7 29. Qd3 Qe4 30. Qxe4 fxe4 31. a4 Bc3 32. b5 Kf6 33. Kf2 g5
34. fxg5+ Kxg5 35. Bc2 Kf5 36. g4+ Ke5 37. Bb3 h5 38. Kg3 Be1+ 39. Kg2 hxg4 40.
hxg4 Be6 41. Bd1 Bxc4 42. Bc2 Bh4 43. Bd1 c5 44. Kh3 Bg5 45. Kg3 Bxe3 46. Kh4
Bd3 47. Kh5 c4 48. g5 Bxg5 49. Kxg5 c3 50. Kg4 c2 51. Bxc2 Bxc2 0-1

[Event "Frankfurt Ch 2008"]
[Site "Ffm-Kalbach, LAZ"]
[Date "2008.06.16"]
[Round "7.56"]
[White "Wehhofer, Josef"]
[Black "Lopez-Fuertes, Victor"]
[Result "1/2-1/2"]
[WhiteElo "1634"]
[BlackElo "1411"]
[PlyCount "71"]
[EventDate "2008.??.??"]

1. d4 d5 2. c4 e6 3. Nc3 Bb4 4. cxd5 exd5 5. Bd2 Nf6 6. e4 O-O 7. exd5 Nxd5 8.
Bc4 Re8+ 9. Nge2 Nb6 10. Bxf7+ Kxf7 11. Qb3+ Nd5 12. Qxd5+ Qxd5 13. Nxd5 Bxd2+
14. Kxd2 Na6 15. b4 c6 16. b5 cxb5 17. a4 b4 18. Rab1 Be6 19. Nxb4 Bc4 20. Nc3
Rad8 21. Nb5 Bxb5 22. axb5 Nc7 23. Nc2 Nd5 24. Ne3 Nf4 25. Rb4 Re4 26. Ra1
Rexd4+ 27. Rxd4 Rxd4+ 28. Kc3 Ne2+ 29. Kb3 Rd3+ 30. Kc4 Rd4+ 31. Kb3 Rd3+ 32.
Kb2 Nd4 33. Nc4 Rb3+ 34. Ka2 Rb4 35. Nd6+ Ke6 36. Nxb7 1/2-1/2

[Event "Frankfurt Ch 2008"]
[Site "Ffm-Kalbach, LAZ"]
[Date "2008.06.16"]
[Round "7.57"]
[White "Smith-Meyer, Geir"]
[Black "Grohmüller, Robert"]
[Result "1-0"]
[WhiteElo "1610"]
[BlackElo "1350"]
[PlyCount "77"]
[EventDate "2008.??.??"]

1. d4 d5 2. Bf4 e6 3. Nf3 Nf6 4. e3 Be7 5. Nbd2 O-O 6. Bd3 c5 7. c3 Nbd7 8. a4
Nh5 9. Bg3 b6 10. Ne5 Nxg3 11. hxg3 f5 12. Qh5 Nf6 13. Qh3 Bd7 14. g4 Be8 15.
gxf5 exf5 16. Bxf5 h6 17. Ndf3 Ne4 18. Qg4 Rf6 19. Nh4 Bd6 20. Be6+ Kh7 21. f3
Ng5 22. f4 Nxe6 23. Nhf3 cxd4 24. cxd4 Rc8 25. f5 Nf8 26. Kd2 Bb4+ 27. Kd3 b5
28. Ng5+ Kg8 29. a5 Bxa5 30. Ne6 Nxe6 31. fxe6 b4 32. b3 Bb5+ 33. Kd2 Bb6 34.
Nf7 Rf2+ 35. Kd1 Qf6 36. Nxh6+ Kf8 37. Nf5 Be2+ 38. Qxe2 Rxe2 39. Rh8# 1-0

[Event "Frankfurt Ch 2008"]
[Site "Ffm-Kalbach, LAZ"]
[Date "2008.06.16"]
[Round "7.58"]
[White "Fischer, Ulrich"]
[Black "Kletzerman, Simon"]
[Result "1/2-1/2"]
[WhiteElo "1256"]
[BlackElo "1592"]
[PlyCount "122"]
[EventDate "2008.??.??"]

1. e4 c5 2. Nf3 Nc6 3. d4 cxd4 4. Nxd4 e5 5. Nb5 d6 6. N1c3 a6 7. Na3 Be6 8.
Nc4 b5 9. Ne3 Nd4 10. Ncd5 Ne7 11. Nxe7 Bxe7 12. c3 Nc6 13. Nd5 O-O 14. Be3 Rb8
15. g3 Re8 16. Bg2 Bf8 17. O-O Ne7 18. Nxe7+ Bxe7 19. Qc2 Qc8 20. Rfd1 b4 21.
b3 bxc3 22. Rac1 Qd8 23. Qxc3 Rc8 24. Qb2 Rxc1 25. Rxc1 g5 26. Qe2 g4 27. Qxa6
Qa8 28. Qxa8 Rxa8 29. Rc2 Kg7 30. Bf1 d5 31. exd5 Bxd5 32. Bg2 e4 33. Bd4+ Kg6
34. Bc5 Kf6 35. Bxe7+ Kxe7 36. Rb2 f5 37. Bf1 Kd6 38. Rc2 Ke5 39. Bb5 h5 40.
Kf1 f4 41. gxf4+ Kxf4 42. Ba4 h4 43. a3 Bb7 44. Rc7 Ba6+ 45. Kg1 h3 46. b4 Be2
47. Rc2 Kf3 48. Rc3+ Bd3 49. Bb5 Rd8 50. Bc6 Kf4 51. Rc1 Rc8 52. a4 Ke5 53. b5
Kd6 54. Rc3 Rc7 55. Rc1 Rc8 56. Rc3 Rb8 57. Rc1 Rc8 58. Rc3 Rd8 59. Rc1 Rb8 60.
Rc3 Rc8 61. Rc1 Rc7 1/2-1/2

[Event "Frankfurt Ch 2008"]
[Site "Ffm-Kalbach, LAZ"]
[Date "2008.06.16"]
[Round "7.61"]
[White "Krüger, Jens"]
[Black "Honert, Stefan"]
[Result "1/2-1/2"]
[WhiteElo "1451"]
[BlackElo "1289"]
[PlyCount "30"]
[EventDate "2008.??.??"]

1. e4 e6 2. d4 d5 3. e5 b6 4. c3 Qd7 5. Nf3 Ba6 6. Bxa6 Nxa6 7. O-O c5 8. a3
Ne7 9. Qe2 Nc7 10. Nbd2 Nc6 11. Nb3 Be7 12. Ng5 c4 13. Qf3 Bxg5 14. Bxg5 cxb3
15. Qg4 h6 1/2-1/2

[Event "Frankfurt Ch 2008"]
[Site "Ffm-Kalbach, LAZ"]
[Date "2008.06.16"]
[Round "7.62"]
[White "Liebert, Monika"]
[Black "Plötz, Hans-Jürgen"]
[Result "0-1"]
[WhiteElo "1042"]
[BlackElo "1413"]
[PlyCount "116"]
[EventDate "2008.??.??"]

1. e4 d6 2. d4 Nf6 3. Nc3 c6 4. Nf3 Qa5 5. Bd3 Bg4 6. O-O e5 7. dxe5 dxe5 8. h3
Be6 9. Bg5 Be7 10. a3 Nbd7 11. b4 Qc7 12. Re1 O-O 13. Ne2 Rad8 14. Ng3 Nb6 15.
Qc1 c5 16. bxc5 Qxc5 17. Qe3 Qc7 18. Nf5 Bxf5 19. exf5 Nfd5 20. Qxe5 Qxe5 21.
Rxe5 f6 22. Re6 fxg5 23. g4 Bf6 24. Rae1 Nf4 25. R6e3 Nxh3+ 26. Kg2 Nf4+ 27.
Kg3 Kf7 28. Ne5+ Bxe5 29. Rxe5 Rfe8 30. Rxe8 Rxe8 31. Rxe8 Kxe8 32. Be4 Nc4 33.
a4 b6 34. Bc6+ Ke7 35. c3 Ne2+ 36. Kf3 Nxc3 37. Kg3 Ne5 38. Bb5 Nxb5 39. axb5
Kf6 40. f4 Nd3 41. fxg5+ Kxg5 42. Kf3 Ne5+ 43. Kg3 Nxg4 44. Kf3 Kxf5 45. Kg3 h5
46. Kh4 Nf6 47. Kg3 g5 48. Kf3 Nd5 49. Kg3 h4+ 50. Kh3 Kf4 51. Kg2 g4 52. Kh2
Kf3 53. Kg1 g3 54. Kf1 h3 55. Kg1 Nc3 56. Kf1 Ne4 57. Kg1 h2+ 58. Kh1 Nf2# 0-1

[Event "Frankfurt Ch 2008"]
[Site "Ffm-Kalbach, LAZ"]
[Date "2008.06.16"]
[Round "7.63"]
[White "Scheerer, Michael"]
[Black "Grimm, Heinz-Peter"]
[Result "1-0"]
[WhiteElo "1435"]
[BlackElo "1402"]
[PlyCount "74"]
[EventDate "2008.??.??"]

1. e4 c5 2. Nf3 d6 3. d4 cxd4 4. Nxd4 e5 5. Nb5 a6 6. N5a3 Nf6 7. Bg5 Be6 8.
Bc4 Qb6 9. Bb3 Bxb3 10. Bxf6 gxf6 11. cxb3 Qb4+ 12. Nc3 Nd7 13. Nc2 Qa5 14. b4
Qd8 15. Ne3 Nb6 16. Nf5 Rc8 17. O-O Nc4 18. Qe2 Nb6 19. Rac1 d5 20. Nxd5 Rxc1
21. Rxc1 Nxd5 22. exd5 Qxd5 23. a3 Rg8 24. Ne3 Qe4 25. Qc4 Qxc4 26. Rxc4 Kd7
27. f3 Bh6 28. Nf5 Bf8 29. g4 b5 30. Rc2 h5 31. h3 hxg4 32. hxg4 e4 33. Kf2 Rh8
34. Ke3 exf3 35. Kxf3 Rh3+ 36. Ke4 Rh1 37. Rd2+ Kc7 1-0

[Event "Frankfurt Ch 2008"]
[Site "Ffm-Kalbach, LAZ"]
[Date "2008.06.16"]
[Round "7.64"]
[White "Bongardt, Torsten"]
[Black "Krüger, Manfred"]
[Result "0-1"]
[WhiteElo "1417"]
[BlackElo "1690"]
[PlyCount "90"]
[EventDate "2008.??.??"]

1. d4 Nf6 2. Nf3 e6 3. Bf4 d5 4. e3 Be7 5. Bd3 Nh5 6. Be5 Nf6 7. O-O Nbd7 8. c4
c6 9. Nbd2 b6 10. cxd5 cxd5 11. Rc1 Nxe5 12. Nxe5 Bd7 13. Nxd7 Qxd7 14. Qb3 O-O
15. Bb5 Qd8 16. Rc2 Rc8 17. Rfc1 Rxc2 18. Rxc2 Qb8 19. Ba6 Bd6 20. h3 Qd8 21.
Rc6 Qe7 22. Qc2 Nd7 23. Bd3 Nf6 24. Rc8 g6 25. Ba6 Ne8 26. Nb1 Nc7 27. Bb7 Ne8

28. Qc6 f5 29. Nc3 Nf6 30. Nb5 Rxc8 31. Qxc8+ Kg7 32. Qa8 Qd7 33. Bc6 Qe7 34.
Nxa7 Qc7 35. Nb5 Qe7 36. Nxd6 Qxd6 37. Qb7+ Kh6 38. Qxb6 Ne4 39. Qb5 f4 40. f3
Ng3 41. Qc5 Qb8 42. Qa3 Qb6 43. Bd7 Qc7 44. Qf8+ Kh5 45. Qc8 Qa5 0-1

[Event "Frankfurt Ch 2008"]
[Site "Ffm-Kalbach, LAZ"]
[Date "2008.06.16"]
[Round "7.65"]
[White "Stulken, Dietmar"]
[Black "Richter, Edgar"]
[Result "0-1"]
[WhiteElo "1352"]
[BlackElo "1246"]
[PlyCount "68"]
[EventDate "2008.??.??"]

1. e4 e6 2. d4 d5 3. exd5 exd5 4. Bf4 Be6 5. Nf3 Nf6 6. Bd3 Be7 7. O-O O-O 8.
Re1 Nbd7 9. c3 Re8 10. Nbd2 Bg4 11. Qc2 c5 12. dxc5 Nxc5 13. Bb5 Rf8 14. Nd4 a6
15. Be2 Bxe2 16. Rxe2 Bd6 17. Bxd6 Qxd6 18. Qf5 g6 19. Qf3 Rae8 20. Rae1 Rxe2
21. Rxe2 Nce4 22. h3 Nxd2 23. Rxd2 Re8 24. Re2 Ne4 25. Qd3 Kf8 26. Qe3 Nf6 27.
Qh6+ Kg8 28. Rxe8+ Nxe8 29. Qe3 Nc7 30. Qh6 Qf6 31. Nf3 Ne6 32. Qe3 Qf5 33. Qc1
Nf4 34. Kf1 Qd3+ 0-1